| 000 | 00886cam a22002771 4500 | ||
|---|---|---|---|
| 001 | 28394 | ||
| 003 | BD-RjUL | ||
| 005 | 20211209051258.0 | ||
| 008 | 140330s19681937nyu 001 0 eng | ||
| 035 | _a(BD-RjUL)28475 | ||
| 040 |
_aDLC _cDLC _dDLC _dBD-RjUL _beng |
||
| 041 | _aeng | ||
| 082 | 0 | 0 |
_a190 _bEDF 1968 |
| 100 | 1 |
_aEdman, Irwin. _d1896-1954. _986947 |
|
| 245 | 1 | 0 |
_aFour ways of philosophy / _cIrwin Edman. |
| 260 |
_aNew York : _bGreenwood Press, _cc1968. |
||
| 300 |
_aviii, 331 p. ; _c22 cm. |
||
| 500 | _a"The substance of this book constituted the Henry Ward Beecher lectures at Amherst College, March 5, 6, 12, and 13, 1936." | ||
| 500 | _aReprint of the 1937 ed. | ||
| 504 | _aIncludes Index. | ||
| 650 | 0 |
_aPhilosophy, Modern. _986948 |
|
| 710 | 2 |
_aHenry Ward Beecher Foundation. _986949 |
|
| 942 |
_2ddc _cBK |
||
| 999 |
_c28394 _d28394 |
||